| 000 | 01365cam a2200385 a 4500 | ||
|---|---|---|---|
| 001 | 16470754 | ||
| 003 | OSt | ||
| 005 | 20140310182818.0 | ||
| 008 | 100922s2010 onca b 001 0 eng | ||
| 010 | _a 2010502319 | ||
| 015 |
_aGBB064252 _2bnb |
||
| 016 | 7 |
_a015560794 _2Uk |
|
| 020 | _a9780195431735 (pbk.) | ||
| 020 | _a0195431731 | ||
| 035 | _a(OCoLC)ocn632077383 | ||
| 040 |
_aUKM _cUKM _dSINIE _dYDXCP _dDLC |
||
| 042 |
_aukscp _alccopycat |
||
| 050 | 0 | 0 |
_aPE 1112 _b.P998 2010 |
| 082 | 0 | 4 |
_aM 425 _bP97 2010 |
| 100 | 1 |
_aPyrcz, Heather Elizabeth, _d1951- |
|
| 245 | 1 | 0 |
_aWriting with style : _bgrammar in context / _cPyrcz, Heather |
| 260 |
_aDon Mills, Ont. ; _aNew York : _bOxford University Press, _cc2010. |
||
| 300 |
_axi, 188 p. : _bill. ; _c23 cm. |
||
| 504 | _aIncludes bibliographical references (p. 179-180) and index. | ||
| 521 | _aCollege students | ||
| 526 | _c1210L to 1700L | ||
| 541 | _j1 | ||
| 562 | _efor circulation. 1copy available in the collection | ||
| 650 | 0 |
_aEnglish language _xGrammar. |
|
| 650 | 0 |
_aEnglish language _xRhetoric _vProblems, exercises, etc. |
|
| 856 | 4 | 2 |
_3Publisher description _uhttp://www.loc.gov/catdir/enhancements/fy1102/2010502319-d.html |
| 906 |
_a7 _bcbc _ccopycat _d2 _encip _f20 _gy-gencatlg |
||
| 942 |
_2lcc _cBK _kM |
||
| 999 |
_c16326 _d16326 |
||